[Event "HUN-ch Rapid"]
[Site "Ajka"]
[Date "2021.07.18"]
[Round "11"]
[White "Varga, Peter"]
[Black "Horvath, Kalman"]
[Result "0-1"]
[WhiteElo "2365"]
[BlackElo "2098"]
[PlyCount "80"]
[EventDate "2021.07.16"]
[EventType "swiss (rapid)"]
[EventRounds "13"]
[EventCountry "HUN"]
[SourceTitle "CBM 203 Extra"]
[Source "ChessBase"]
[SourceDate "2021.09.30"]
[SourceVersion "1"]
[SourceVersionDate "2021.09.30"]
[SourceQuality "1"]

1. d4 d5 2. c4 dxc4 3. e4 e6 4. Bxc4 Nf6 5. e5 Nd5 6. Ne2 b6 7. 0-0 Bb7 8. Nbc3 Be7 9. Nxd5 exd5 10. Bb5+ c6 11. Bd3 0-0 12. Ng3 Ba6 13. f4 Bxd3 14. Qxd3 c5 15. f5 f6 16. Be3 Nc6 17. exf6 Bxf6 18. dxc5 Ne5 19. Qd1 Nc4 20. Bd4 bxc5 21. Bxc5 Nxb2 22. Qg4 Rf7 23. Nh5 Kh8 24. Nxf6 gxf6 25. Qd4 Nc4 26. Rad1 Nb6 27. Rfe1 Rc8 28. Bxb6 Qxb6 29. Qxb6 axb6 30. Rxd5 Ra7 31. Re2 Rc1+ 32. Kf2 Ra1 33. Rdd2 Kg7 34. g4 h5 35. h3 hxg4 36. hxg4 b5 37. Kg3 Ra3+ 38. Kf4 Ra7 39. Rb2 Ra4+ 40. Re4 Rf1+ 0-1

[Event "HUN-ch rapid"]
[Site "Ajka"]
[Date "2020.07.17"]
[Round "2"]
[White "Horvath, Kalman"]
[Black "Kaczur, Florian"]
[Result "0-1"]
[WhiteElo "2095"]
[BlackElo "2507"]
[PlyCount "146"]
[EventDate "2020.07.17"]
[EventType "swiss (rapid)"]
[EventRounds "13"]
[EventCountry "HUN"]
[SourceTitle "CBM 197 Extra"]
[Source "ChessBase"]
[SourceDate "2020.09.30"]
[SourceVersion "1"]
[SourceVersionDate "2020.09.30"]
[SourceQuality "1"]

1. d4 Na6 2. Nc3 c6 3. e4 Nc7 4. Nge2 g6 5. g3 Bg7 6. Bg2 d6 7. Be3 Nf6 8. h3 b5 9. e5 Nfd5 10. exd6 exd6 11. Nxd5 Nxd5 12. c3 0-0 13. Bxd5 cxd5 14. Nf4 Re8 15. Qb3 Qd7 16. Kf1 a5 17. Rh2 Bb7 18. a3 Re4 19. Re1 Rae8 20. Qc2 h5 21. Ng2 Qc6 22. Qd2 Qc4+ 23. Kg1 R4e7 24. Qe2 b4 25. axb4 axb4 26. Qxc4 dxc4 27. Ra1 Ra8 28. Rc1 b3 29. Bf4 Re2 30. Ne3 Rxb2 31. Nxc4 Rc2 32. Rb1 Rxc3 33. Nxd6 b2 34. f3 Bxd4+ 35. Kf1 Rxf3+ 36. Ke2 Bd5 37. Nb5 Re8+ 38. Kd2 Bf6 39. Re2 Rxe2+ 40. Kxe2 Rb3 41. Nc7 Be4 42. Ne8 Bh8 43. Rxb2 Bxb2 44. Nd6 Bd5 45. Kd2 Ba3 46. Kc2 Bxd6 47. Bxd6 f6 48. h4 Kf7 49. Bf4 Ke6 50. Bc7 Kf5 51. Bd6 g5 52. hxg5 fxg5 53. Kd2 h4 54. gxh4 gxh4 55. Ke2 h3 56. Kf2 Kg4 57. Bc7 h2 58. Bxh2 Rb2+ 59. Ke3 Rxh2 60. Kd4 Ba8 61. Ke5 Rd2 62. Kf6 Kf4 63. Ke6 Bf3 64. Kf6 Rd6+ 65. Ke7 Ke5 66. Kf7 Rd7+ 67. Kg6 Be4+ 68. Kg5 Rg7+ 69. Kh6 Rg6+ 70. Kh7 Kf6 71. Kh8 Rh6+ 72. Kg8 Bd5+ 73. Kf8 Rh8# 0-1

[Event "Budapest Sinus-B 1st"]
[Site "Budapest"]
[Date "2010.08.17"]
[Round "4"]
[White "Szatmari, David"]
[Black "Horvath, Kalman"]
[Result "1-0"]
[WhiteElo "1910"]
[BlackElo "2002"]
[PlyCount "71"]
[EventDate "2010.08.14"]
[EventType "tourn"]
[EventRounds "9"]
[EventCountry "HUN"]
[SourceTitle "CBM 138 Extra"]
[Source "ChessBase"]
[SourceDate "2010.10.29"]
[SourceVersion "1"]
[SourceVersionDate "2010.10.29"]
[SourceQuality "1"]

1. e4 g6 2. d4 Bg7 3. Nc3 c6 4. Bc4 e6 5. Nf3 d5 6. Bb3 dxe4 7. Nxe4 Nf6 8. Bg5 h6 9. Bxf6 Bxf6 10. Nxf6+ Qxf6 11. Qd2 Nd7 12. 0-0-0 b6 13. Rhe1 Kf8 14. Re4 Bb7 15. Rde1 g5 16. h4 Rd8 17. hxg5 hxg5 18. Nxg5 Nc5 19. Rf4 Nxb3+ 20. axb3 Qxg5 21. Rxf7+ Kxf7 22. Qxg5 Rd5 23. Qf4+ Ke7 24. Qc7+ Rd7 25. Rxe6+ Kxe6 26. Qe5+ Kf7 27. Qxh8 c5 28. dxc5 bxc5 29. Qh5+ Ke6 30. Qxc5 Bxg2 31. Qe3+ Kf7 32. Qf4+ Ke8 33. Qe5+ Re7 34. Qb5+ Kf8 35. c4 Bb7 36. c5 1-0

[Event "Budapest FS09 FM-A"]
[Site "Budapest"]
[Date "2009.09.11"]
[Round "7"]
[White "Heyl, Thomas"]
[Black "Horvath, Kalman"]
[Result "1-0"]
[WhiteElo "2046"]
[BlackElo "2133"]
[PlyCount "93"]
[EventDate "2009.09.05"]
[EventType "tourn"]
[EventRounds "9"]
[EventCountry "HUN"]
[SourceTitle "CBM 132 Extra"]
[Source "ChessBase"]
[SourceDate "2009.11.03"]
[SourceVersion "1"]
[SourceVersionDate "2009.11.03"]
[SourceQuality "1"]

1. d4 c5 2. e3 Qa5+ 3. Nd2 Nh6 4. Ngf3 f5 5. Bd3 g6 6. 0-0 Nf7 7. Nb3 Qd8 8. Nxc5 d6 9. Nb3 a5 10. a4 Na6 11. c3 Bg7 12. Bb5+ Kf8 13. Bd3 e5 14. e4 f4 15. Bc4 g5 16. Bxf7 Kxf7 17. dxe5 g4 18. e6+ Bxe6 19. Nfd4 Qg5 20. Nxe6 Kxe6 21. Nd4+ Kd7 22. g3 Be5 23. Qb3 Qf6 24. Qxb7+ Nc7 25. Qc6+ Kd8 26. Bxf4 Bxf4 27. gxf4 Rf8 28. e5 dxe5 29. Qxf6+ Rxf6 30. fxe5 Rb6 31. b4 Nd5 32. bxa5 Rxa5 33. Nb5 Rc6 34. Rfd1 Rc5 35. c4 Rxc4 36. Rxd5+ Ke7 37. Nd6 Rcxa4 38. Rxa4 Rxa4 39. Rd4 Ra1+ 40. Kg2 h5 41. h3 Ke6 42. Nc4 Kf5 43. hxg4+ hxg4 44. Rd6 Rc1 45. Rc6 Re1 46. e6 Kf6 47. Ne3 1-0

[Event "Budapest FS09 FM-A"]
[Site "Budapest"]
[Date "2009.09.10"]
[Round "6"]
[White "Horvath, Kalman"]
[Black "Havaskori, Laszlo"]
[Result "0-1"]
[WhiteElo "2133"]
[BlackElo "2043"]
[PlyCount "26"]
[EventDate "2009.09.05"]
[EventType "tourn"]
[EventRounds "9"]
[EventCountry "HUN"]
[SourceTitle "CBM 132 Extra"]
[Source "ChessBase"]
[SourceDate "2009.11.03"]
[SourceVersion "1"]
[SourceVersionDate "2009.11.03"]
[SourceQuality "1"]

1. e4 e6 2. d4 d5 3. Nc3 Nf6 4. Bg5 Be7 5. Bxf6 Bxf6 6. Nf3 c5 7. Bb5+ Nc6 8. exd5 exd5 9. Qe2+ Be6 10. 0-0-0 0-0 11. Nxd5 Nxd4 12. Nxf6+ Qxf6 13. Nxd4 cxd4 0-1

[Event "Budapest FS09 FM-A"]
[Site "Budapest"]
[Date "2009.09.06"]
[Round "2"]
[White "Lakat, Gyula"]
[Black "Horvath, Kalman"]
[Result "1/2-1/2"]
[WhiteElo "1975"]
[BlackElo "2133"]
[PlyCount "30"]
[EventDate "2009.09.05"]
[EventType "tourn"]
[EventRounds "9"]
[EventCountry "HUN"]
[SourceTitle "CBM 132 Extra"]
[Source "ChessBase"]
[SourceDate "2009.11.03"]
[SourceVersion "1"]
[SourceVersionDate "2009.11.03"]
[SourceQuality "1"]

1. Nf3 Nc6 2. g3 e5 3. d3 Bc5 4. Bg2 d6 5. Be3 Bxe3 6. fxe3 Nh6 7. Qd2 f5 8. Nc3 Nf7 9. 0-0-0 Rb8 10. e4 fxe4 11. Nxe4 0-0 12. Kb1 d5 13. Nc5 Qe7 14. Nb3 Be6 15. h4 h6 1/2-1/2

[Event "Balatonlelle op 27th"]
[Site "Balatonlelle"]
[Date "2009.06.14"]
[Round "2"]
[White "Prohaszka, Peter"]
[Black "Horvath, Kalman"]
[Result "1-0"]
[WhiteElo "2511"]
[BlackElo "2161"]
[PlyCount "207"]
[EventDate "2009.06.13"]
[EventType "swiss"]
[EventRounds "9"]
[EventCountry "HUN"]
[SourceTitle "CBM 131 Extra"]
[Source "ChessBase"]
[SourceDate "2009.09.03"]
[SourceVersion "2"]
[SourceVersionDate "2009.09.16"]
[SourceQuality "1"]

1. d4 d5 2. Nf3 c6 3. c4 dxc4 4. g3 Nf6 5. Bg2 g6 6. 0-0 Na6 7. Nbd2 Bg7 8. Nxc4 0-0 9. b3 Nc7 10. Bb2 Ne6 11. Qd3 Rb8 12. Rfd1 Bd7 13. Rac1 Bh6 14. e3 Nc7 15. Nfe5 Bf5 16. Qe2 Qc8 17. Nd2 Bh3 18. Bh1 Ng4 19. Nxg4 Bxg4 20. Bf3 Bxf3 21. Nxf3 Qg4 22. Rc2 Rbd8 23. Ne5 Qxe2 24. Rxe2 f6 25. Nd3 Ne6 26. Ba3 Kf7 27. Kg2 Rd7 28. f4 Rfd8 29. Rc2 Rd5 30. Rdc1 a5 31. Bc5 Bf8 32. Kf3 Ke8 33. Rc4 Ra8 34. a4 Kf7 35. R4c3 Ra6 36. Ba3 Ra8 37. Nb2 Ra6 38. Nd3 Ra8 39. Nf2 Ra6 40. Ne4 Ra8 41. Nd2 Ra6 42. Ke2 Ke8 43. Rd3 Kf7 44. Nc4 Rd8 45. Bb2 Rd7 46. Bc3 b6 47. Bd2 Rd5 48. Bc3 c5 49. dxc5 Rxd3 50. Kxd3 Nxc5+ 51. Kc2 Nd7 52. Rd1 Ke8 53. e4 Ra7 54. Bd4 Rc7 55. e5 fxe5 56. Bxe5 Rc6 57. Bc3 e6 58. g4 Bc5 59. Rd3 Rc7 60. Kb2 Be7 61. Rh3 Nf8 62. Nxb6 Bb4 63. Nc4 Bxc3+ 64. Rxc3 Ra7 65. Re3 Kd8 66. Re5 Rf7 67. Re4 Ra7 68. Kc3 h6 69. h3 g5 70. fxg5 hxg5 71. Re5 Rh7 72. Rxg5 Rxh3+ 73. Kb2 Nd7 74. Rxa5 Kc7 75. Rb5 Rg3 76. g5 e5 77. Nxe5 Rxg5 78. Nxd7 Rg2+ 79. Ka3 Kxd7 80. Rc5 Kd6 81. Rc4 Rg8 82. Kb4 Ra8 83. a5 Rb8+ 84. Ka4 Kd5 85. Rc1 Kd6 86. b4 Rh8 87. a6 Rh2 88. Ka5 Rh5+ 89. b5 Rh2 90. Kb6 Kd5 91. a7 Rh6+ 92. Rc6 Rh8 93. Kb7 Rh7+ 94. Rc7 Rh8 95. a8Q Rxa8 96. Kxa8 Kd6 97. b6 Ke6 98. b7 Kd6 99. b8Q Kd5 100. Qd8+ Ke5 101. Re7+ Kf6 102. Qf8+ Kg6 103. Rg7+ Kh6 104. Qh8# 1-0

[Event "Perenyi Memorial"]
[Site "Budapest"]
[Date "2009.01.16"]
[Round "8"]
[White "Keschitz, Gyorgy"]
[Black "Horvath, Kalman"]
[Result "1/2-1/2"]
[WhiteElo "2210"]
[BlackElo "2130"]
[PlyCount "48"]
[EventDate "2009.01.08"]
[EventType "swiss"]
[EventRounds "9"]
[EventCountry "HUN"]
[SourceTitle "CBM 128 Extra"]
[Source "ChessBase"]
[SourceDate "2009.03.05"]
[SourceVersion "2"]
[SourceVersionDate "2009.03.25"]
[SourceQuality "1"]

1. c4 f5 2. Nc3 g6 3. g3 Nh6 4. Bg2 Nf7 5. d4 c6 6. h4 Na6 7. Nh3 Nc7 8. h5 d6 9. Ng5 Nxg5 10. Bxg5 Bg7 11. hxg6 hxg6 12. Rxh8+ Bxh8 13. e4 Bf6 14. Be3 Kf7 15. exf5 Bxf5 16. g4 Bd7 17. g5 Bg7 18. Be4 Qc8 19. Qf3+ Bf5 20. 0-0-0 Kg8 21. Rh1 Bxe4 22. Qxe4 Qe6 23. Qd3 d5 24. c5 Rf8 1/2-1/2

[Event "HUN-chT2 Erkel 0506"]
[Site "Hungary"]
[Date "2006.01.22"]
[Round "6"]
[White "Horvath, Kalman"]
[Black "Koszegi, Lajos"]
[Result "1/2-1/2"]
[WhiteElo "2190"]
[BlackElo "2099"]
[PlyCount "21"]
[EventDate "2005.10.16"]
[EventType "team"]
[EventRounds "11"]
[EventCountry "HUN"]
[SourceTitle "EXT 2009"]
[Source "ChessBase"]
[SourceDate "2008.11.26"]
[SourceVersion "1"]
[SourceVersionDate "2008.11.26"]
[SourceQuality "1"]
[WhiteTeam "Vaci"]
[BlackTeam "Godollo"]
[WhiteTeamCountry "HUN"]
[BlackTeamCountry "HUN"]

1. g3 c5 2. f4 Nc6 3. Nh3 g6 4. Nf2 Bg7 5. c3 d5 6. Na3 Nf6 7. Nc2 0-0 8. Bg2 Be6 9. d3 Qd7 10. 0-0 d4 11. cxd4 1/2-1/2

[Event "Balatonalmadi Pannonia Cup 10th"]
[Site "Balatonalmadi"]
[Date "2005.07.30"]
[Round "5"]
[White "Kozma, Edit"]
[Black "Horvath, Kalman"]
[Result "1-0"]
[WhiteElo "2088"]
[BlackElo "2190"]
[PlyCount "79"]
[EventDate "2005.07.27"]
[EventType "swiss"]
[EventRounds "7"]
[EventCountry "HUN"]
[SourceTitle "EXT 2008"]
[Source "ChessBase"]
[SourceDate "2007.11.25"]
[SourceVersion "1"]
[SourceVersionDate "2007.11.25"]
[SourceQuality "1"]

1. e4 g5 2. d4 Bg7 3. Bc4 e6 4. Nc3 Nc6 5. Be3 h6 6. Nge2 Nge7 7. 0-0 d5 8. exd5 exd5 9. Bb5 0-0 10. Bxc6 bxc6 11. f4 Nf5 12. Bf2 Ba6 13. Re1 Re8 14. Qd2 g4 15. Ng3 Nd6 16. Rxe8+ Qxe8 17. Re1 Qd7 18. Na4 Nc4 19. Qb4 Bf8 20. Nc5 Qc8 21. b3 Rb8 22. Qc3 Na3 23. Nh5 Kh8 24. Nf6 Bxc5 25. Qxc5 Qf5 26. Qxa3 Qxf6 27. Qxa6 Qxf4 28. Qxc6 Kg7 29. Be3 Qf5 30. Qxh6+ Kg8 31. Qg5+ Qxg5 32. Bxg5 Kg7 33. Bf4 Kg6 34. Re7 Rb6 35. Rxc7 a6 36. Kf2 Rf6 37. g3 Kf5 38. Re7 Rc6 39. Rxf7+ Kg6 40. Rc7 1-0

[Event "HUN-chT2 Erkel 0405"]
[Site "Hungary"]
[Date "2005.02.20"]
[Round "8"]
[White "Horvath, Kalman"]
[Black "Tajti, Janos Sandor"]
[Result "1-0"]
[WhiteElo "2147"]
[BlackElo "2158"]
[PlyCount "79"]
[EventDate "2004.09.26"]
[EventType "team"]
[EventRounds "11"]
[EventCountry "HUN"]
[SourceTitle "EXT 2009"]
[Source "ChessBase"]
[SourceDate "2008.11.26"]
[SourceVersion "1"]
[SourceVersionDate "2008.11.26"]
[SourceQuality "1"]
[WhiteTeam "Vaci"]
[BlackTeam "Szekuritas"]
[WhiteTeamCountry "HUN"]
[BlackTeamCountry "HUN"]

1. d4 g6 2. e4 Bg7 3. Nf3 d6 4. Bc4 c6 5. c3 Nf6 6. Nbd2 0-0 7. 0-0 Nbd7 8. b3 b5 9. Be2 Nb6 10. Qc2 Nfd7 11. Re1 Re8 12. Ba3 Nf8 13. Rac1 a5 14. d5 cxd5 15. Bxb5 Bd7 16. Qd3 Bxb5 17. Qxb5 dxe4 18. Nxe4 Ne6 19. Rc2 Qc7 20. Bc1 a4 21. Be3 Rec8 22. Qd3 axb3 23. axb3 Ra3 24. Nfd2 Nd7 25. Rcc1 Nf6 26. Ng5 Nxg5 27. Bxg5 Ra5 28. h4 h6 29. Be3 Nd7 30. b4 Ne5 31. Qe2 Ra2 32. f4 Nd7 33. Qd3 h5 34. Nf3 e6 35. Red1 d5 36. c4 Qb7 37. b5 Nf6 38. Qb3 Raa8 39. Ne5 dxc4 40. Rxc4 1-0

[Event "Goed op 1st"]
[Site "Goed"]
[Date "2004.08.02"]
[Round "7"]
[White "Szurovszky, Elek"]
[Black "Horvath, Kalman"]
[Result "0-1"]
[WhiteElo "2191"]
[BlackElo "2147"]
[PlyCount "77"]
[EventDate "2004.07.??"]
[EventType "swiss"]
[EventRounds "9"]
[EventCountry "HUN"]
[SourceTitle "EXT 2006"]
[Source "ChessBase"]
[SourceDate "2005.11.24"]
[SourceVersion "1"]
[SourceVersionDate "2005.11.24"]
[SourceQuality "1"]

1. e4 e6 2. d4 b6 3. Nc3 Bb7 4. Nf3 Nf6 5. Bd3 d5 6. e5 Nfd7 7. Ne2 c5 8. c3 Nc6 9. 0-0 Rc8 10. a3 Be7 11. b4 cxd4 12. cxd4 g5 13. Bd2 Nf8 14. b5 Na5 15. Bxa5 bxa5 16. Qb3 Ng6 17. Rac1 Kf8 18. Rxc8 Bxc8 19. Rc1 Kg7 20. Bxg6 hxg6 21. h3 Bd7 22. Nh2 Qb6 23. a4 a6 24. Rb1 Rb8 25. Qe3 axb5 26. f4 Qd8 27. Ng4 bxa4 28. Rf1 Rb3 29. Qf2 Kf8 30. Kh1 a3 31. fxg5 Bxg5 32. Nf4 Bxf4 33. Qxf4 Qh4 34. Ra1 Bb5 35. Qc1 Bd3 36. Qd1 a4 37. Qf3 Bf5 38. Qf2 Qxf2 39. Nxf2 0-1

[Event "HUN-chT2 Asztalos 0304"]
[Site "Hungary"]
[Date "2004.02.22"]
[Round "8"]
[White "Horvath, Kalman"]
[Black "Thurmer, Jeno"]
[Result "1-0"]
[WhiteElo "2149"]
[BlackElo "2142"]
[PlyCount "51"]
[EventDate "2003.08.29"]
[EventType "team"]
[EventRounds "11"]
[EventCountry "HUN"]
[SourceTitle "EXT 2009"]
[Source "ChessBase"]
[SourceDate "2008.11.26"]
[SourceVersion "1"]
[SourceVersionDate "2008.11.26"]
[SourceQuality "1"]
[WhiteTeam "Sefag"]
[BlackTeam "Komlo Banyasz"]
[WhiteTeamCountry "HUN"]
[BlackTeamCountry "HUN"]

1. e4 c5 2. Nf3 Nc6 3. c4 d6 4. d4 cxd4 5. Nxd4 Nf6 6. Nc3 e6 7. Be2 Be7 8. Be3 a6 9. Qd2 Qc7 10. Rc1 0-0 11. f3 Nd7 12. Nd5 Bh4+ 13. g3 Qd8 14. Nxc6 bxc6 15. Nb4 c5 16. Nc6 Qc7 17. gxh4 Qxc6 18. Rd1 Rb8 19. Rg1 Kh8 20. Kf2 f5 21. exf5 Ne5 22. Bf4 Bb7 23. Bxe5 dxe5 24. Qg5 Qc7 25. fxe6 Bc6 26. Rd7 1-0

[Event "HUN-chT2 Asztalos 0203"]
[Site "Hungary"]
[Date "2003.03.02"]
[Round "8"]
[White "Kadlicsko, Jozsef1111"]
[Black "Horvath, Kalman"]
[Result "1/2-1/2"]
[WhiteElo "2071"]
[BlackElo "2109"]
[PlyCount "41"]
[EventDate "2002.09.22"]
[EventType "team"]
[EventRounds "11"]
[EventCountry "HUN"]
[SourceTitle "EXT 2009"]
[Source "ChessBase"]
[SourceDate "2008.11.26"]
[SourceVersion "1"]
[SourceVersionDate "2008.11.26"]
[SourceQuality "1"]

1. d4 e6 2. e4 d5 3. Nd2 Be7 4. e5 c5 5. Ndf3 Nc6 6. c3 Qb6 7. a3 cxd4 8. cxd4 Bd7 9. Ne2 Rc8 10. Nc3 f6 11. Bb5 Nxe5 12. Bxd7+ Nxd7 13. 0-0 Kf7 14. Re1 Rc6 15. Qe2 Qb3 16. Qe3 g5 17. Re2 Nb6 18. Nd2 Qc2 19. Nde4 Qb3 20. Nd2 Qc2 21. Nde4 1/2-1/2

[Event "Budapest FS02 FM-B"]
[Site "Budapest "]
[Date "2003.??.??"]
[Round "13"]
[White "Dlauchy, Peter"]
[Black "Horvath, Kalman"]
[Result "1/2-1/2"]
[WhiteElo "2070"]
[BlackElo "2130"]
[PlyCount "41"]
[EventDate "2003.02.01"]
[EventType "tourn"]
[EventRounds "13"]
[EventCountry "HUN"]
[SourceTitle "CBM 092 Extra"]
[Source "ChessBase"]
[SourceDate "2003.03.07"]
[SourceVersion "1"]
[SourceVersionDate "2003.03.07"]
[SourceQuality "1"]

1. e4 c6 2. d4 d5 3. Nc3 dxe4 4. Nxe4 Bf5 5. Ng3 Bg6 6. Nf3 Nd7 7. Bd3 Bxd3 8. Qxd3 Ngf6 9. 0-0 e6 10. c3 Be7 11. Re1 0-0 12. h3 Qc7 13. Ne4 Nxe4 14. Qxe4 Nf6 15. Qf4 Qxf4 16. Bxf4 Rad8 17. Rad1 c5 18. dxc5 Bxc5 19. Bc7 Rxd1 20. Rxd1 Nd5 21. Bg3 1/2-1/2

[Event "Budapest FS02 FM-B"]
[Site "Budapest "]
[Date "2003.??.??"]
[Round "4"]
[White "Hocevar, Nikola"]
[Black "Horvath, Kalman"]
[Result "1/2-1/2"]
[WhiteElo "2100"]
[BlackElo "2130"]
[PlyCount "33"]
[EventDate "2003.02.01"]
[EventType "tourn"]
[EventRounds "13"]
[EventCountry "HUN"]
[SourceTitle "CBM 092 Extra"]
[Source "ChessBase"]
[SourceDate "2003.03.07"]
[SourceVersion "1"]
[SourceVersionDate "2003.03.07"]
[SourceQuality "1"]

1. c4 c6 2. e4 g6 3. Nc3 Bg7 4. d4 d6 5. Be3 Nh6 6. f3 f5 7. Qd2 Nf7 8. exf5 Bxf5 9. g4 Bc8 10. Bd3 Na6 11. a3 c5 12. d5 Nc7 13. Nh3 Ne5 14. Be2 h5 15. Nf2 hxg4 16. Nxg4 Bf5 17. Bf4 1/2-1/2